000 00641nam a2200193Ia 4500
003 GCL
008 140319s9999 xx 000 0 ara d
040 _aGCL /
_cGCL
082 0 4 _a375.001
_bا م
100 1 _aابراهيم محمد الشافعى
245 1 0 _aالمنهج المدرسى من منظور جديد /
_cابراهيم محمد الشافعى
700 1 _aراشد حمد الكثيرى
700 1 _aسرالختم عثمان على
260 _a[S.N] :
_bمكتبة العبيكان ،
_c1996
490 _a
650 0 4 _aالتعليم
650 0 4 _aالمسرح التجارى - المغرب
942 _2ddc
_cBK
999 _c35901
_d35901